| 000 | 00603nam a22001937a 4500 | ||
|---|---|---|---|
| 005 | 20170713104722.0 | ||
| 010 | _aENG-119205 | ||
| 020 |
_a978812415879 _c595.00 |
||
| 035 | _aEN-102737 | ||
| 037 | _bDBAD/PUB | ||
| 082 | _a320.95411 | ||
| 100 | _aSingh, Bahim | ||
| 245 |
_aJammu and Kashmir ; _bthe blunders and way out / _cby Bahim Singh |
||
| 260 |
_aNew Delhi _bHar-Anand Publication _c2011 |
||
| 270 |
_aE-49/3, Okhla Industrial Ares, Phase-II _bNew Delhi _e110020 |
||
| 300 |
_a256p _c23cm (Hb) |
||
| 500 | _aInclude reference and index | ||
| 942 |
_2ddc _cEN _h320.95411 _mSIN |
||
| 999 |
_c142499 _d142499 |
||